000 00566nam a2200217Ia 4500
005 20250425162833.0
008 250425s9999 xx 000 0 und d
020 _a9786073241212
041 _aspa
082 _a001.424
_pTAH
100 _aTaha, Hamdy A.
245 0 _aInvestigación de Operaciones
_cHamdy A. Taha
250 _a10 ed.
260 _aMéxico
_bPearson
_c2017
300 _a813 páginas
650 _aInvestigación de operaciones
650 _aProgramación dinámica
650 _aProgramación lineal
942 _c01
010 _a112292
999 _c237460
_d237460